Bài tập phát triển lời nói mạch lạc cho trẻ 5-6 tuổi

Đã lưu trong:
Bibliografiske detaljer
Hovedforfatter: Nguyễn Thị Oanh
Format: Bog
Udgivet: HN. Giáo dục 2009
Tags: Tilføj Tag
Ingen Tags, Vær først til at tagge denne postø!
Thư viện lưu trữ: Trung tâm Học liệu Lê Vũ Hùng, Trường Đại học Đồng Tháp
LEADER 00577pam a22001698a 4500
001 00039063
005 20171026081025.0
008 170517s2009 ||||||Viesd
041 0 # |a Vie 
082 1 4 |a 372.21  |b B103T 
100 1 # |a Nguyễn Thị Oanh 
245 1 0 |a Bài tập phát triển lời nói mạch lạc cho trẻ 5-6 tuổi  |c Nguyễn Thị Oanh 
260 # # |a HN.  |b Giáo dục  |c 2009 
300 # # |a 91 tr.  |c 24 cm 
852 # # |b Kho đọc  |j KD.1001061 
910 |d 17/05/2017 
980 # # |a Trung tâm Học liệu Lê Vũ Hùng, Trường Đại học Đồng Tháp